|
|
|
|
| LEADER |
01191nam a2200325 a 4500 |
| 001 |
c000183732 |
| 003 |
CARM |
| 005 |
20050607160000.0 |
| 008 |
880617s1988 caua b 001 0 eng |
| 010 |
|
|
|a 88151464 //r922
|
| 019 |
1 |
|
|a 6007679
|5 LACONCORD2021
|
| 020 |
|
|
|a 0078813689 (pbk.) :
|c $22.95
|
| 035 |
|
|
|a (OCoLC)18127561
|5 LACONCORD2021
|
| 040 |
|
|
|a LC
|b eng
|c LC
|d WCX
|
| 050 |
0 |
0 |
|a QA76.73.P2
|b J36 1988
|
| 082 |
0 |
0 |
|a 005.26
|2 19
|
| 100 |
1 |
|
|a Jamsa, Kris,
|d 1960-
|
| 245 |
1 |
0 |
|a Turbo Pascal programmer's library /
|c Kris Jamsa and Steven Nameroff.
|
| 250 |
|
|
|a 2nd ed.
|
| 260 |
|
|
|a Berkeley, Calif., U.S.A. :
|b Osborne/McGraw-Hill,
|c c1988.
|
| 300 |
|
|
|a xiv, 591 p. :
|b ill. ;
|c 24 cm.
|
| 440 |
|
0 |
|a Borland-Osborne/McGraw-Hill programming series
|
| 500 |
|
|
|a Includes index.
|
| 504 |
|
|
|a Bibliography: p. 579.
|
| 630 |
0 |
0 |
|a Turbo Pascal (Computer file)
|
| 650 |
|
0 |
|a Pascal (Computer program language)
|
| 700 |
1 |
|
|a Nameroff, Steven.
|
| 852 |
8 |
|
|b CARM
|h A2:AM08G0
|i C06641
|p 0256473
|f BK
|
| 999 |
f |
f |
|i baaf2585-3838-591d-bb64-e54b13af612d
|s 7c65ff95-f2a2-5708-88f2-09339c8be471
|
| 952 |
f |
f |
|p Can circulate
|a CAVAL
|b CAVAL
|c CAVAL
|d CARM 1 Store
|e C06641
|f A2:AM08G0
|h Other scheme
|i book
|m 0256473
|